00967nam a2200229 a 4500001001000000003000500010005001700015008004100032010001100073011001100084040000900095100003900104245014700143260004100290500006000331502010400391650002800495650005700523650005500580650003200635856007000667000111877CHAP20220329144233.0150925s2015 mx a |sm |||||||spa d a108338 a109310 cCHAP1 aSepúlveda Robles, Daniel Eduardo10aModelos para adopción del comercio elctrónico en el sector agroindustrial mexicano /h[En línea]cpor Daniel Eduardo Sepúlveda Robles. aChapingo, Méx. :bEl autor,c2015. aPara ver el contenido del material haga clic en la liga aTesis (Ph. D. en Economía Agrícola) -- UACH. División de Ciencias Económico Administrativas14aComercio electrónico.14aIndustrias agrícolasxInnovaciones tecnológicas.14aIndustrias agrícolasxSistemas de información.14aNegociosxAdministración. aFinding aiduhttp://10.13.5.2/tesis/sist111877.pdfzTeclea aquí